| 000 | 00676nam a22002057a 4500 | ||
|---|---|---|---|
| 999 |
_c7633 _d7633 |
||
| 003 | OSt | ||
| 005 | 20220120110026.0 | ||
| 008 | 220120b ||||| |||| 00| 0 eng d | ||
| 020 | _a9781412947176 | ||
| 040 | _cDDC | ||
| 082 | _a371.3028 SMA 2009 | ||
| 100 |
_aSmale, Bob : Julie, Fowlie _915613 |
||
| 245 |
_aHow to Succeed at University : _bAn Essential guide to Academic Skills and Personal Development |
||
| 260 |
_aLos Angeles : _b SAGE; _c2009 |
||
| 300 |
_aix, 259 p. : _b ill. ; _c25 cm |
||
| 504 | _aIncludes bibliographical references and index. | ||
| 650 |
_aStudy skills _97110 |
||
| 650 |
_aCollege students -- Life skills guides _915614 |
||
| 942 |
_2ddc _cBOOK |
||